000 00212nam a2200085Ia 4500
008 200302s9999 xx 000 0 und d
100 _aAhmed A. Kasu
245 _aInterir Design
260 _bAshish Book Centre Published
999 _c5111
_d5111